Municipios de Cuenca en un mapa - Estadísticas

Estadísticas generales
  • Esta prueba ha sido intentada 3 veces
  • La puntuación promedio es 67 de 238
Respuestas en el mapa
Las respuestas están codificadas por una escala verde-roja en el mapa de la prueba según el % correcto abajo.
 
Estadísticas de respuestas
Respuesta % Correcto
Buendía
100%
Cuenca
100%
Landete
100%
Alarcón
67%
Alcalá de la Vega
67%
Aliaguilla
67%
Barajas de Melo
67%
Belinchón
67%
Belmonte
67%
Boniches
67%
Campos del Paraíso
67%
Cañete
67%
Carboneras de Guadazaón
67%
Carrascosa
67%
El Provencio
67%
Honrubia
67%
Horcajo de Santiago
67%
Huélamo
67%
Huete
67%
Iniesta
67%
Las Mesas
67%
Las Pedroñeras
67%
Ledaña
67%
Minglanilla
67%
Mota de Altarejos
67%
Mota del Cuervo
67%
Motilla del Palancar
67%
Moya
67%
Pajarón
67%
Pajaroncillo
67%
Pinarejo
67%
Quintanar del Rey
67%
Saelices
67%
Salvacañete
67%
San Clemente
67%
Tarancón
67%
Torrejoncillo del Rey
67%
Tragacete
67%
Uclés
67%
Uña
67%
Valdemorillo de la Sierra
67%
Valverde de Júcar
67%
Villanueva de la Jara
67%
Zarza de Tajo
67%
Abia de la Obispalía
33%
Albendea
33%
Alcázar del Rey
33%
Alconchel de la Estrella
33%
Algarra
33%
Almonacid del Marquesado
33%
Altarejos
33%
Arcas
33%
Arguisuelas
33%
Atalaya del Cañavate
33%
Bascuñana de San Pedro
33%
Beamud
33%
Belmontejo
33%
Beteta
33%
Buciegas
33%
Buenache de la Sierra
33%
Campillo de Altobuey
33%
Campillos-Paravientos
33%
Campillos-Sierra
33%
Cañada del Hoyo
33%
Canalejas del Arroyo
33%
Cañamares
33%
Cañaveras
33%
Cañaveruelas
33%
Cardenete
33%
Carrascosa de Haro
33%
Casas de Benítez
33%
Casas de Fernando Alonso
33%
Casas de Guijarro
33%
Casas de Haro
33%
Casas de los Pinos
33%
Casasimarro
33%
Castillejo de Iniesta
33%
Castillo de Garcimuñoz
33%
Cervera del Llano
33%
Chillarón de Cuenca
33%
El Herrumblar
33%
El Pedernoso
33%
El Picazo
33%
El Valle de Altomira
33%
Enguídanos
33%
Fuente de Pedro Naharro
33%
Fuentelespino de Moya
33%
Fuentes
33%
Gascueña
33%
Graja de Iniesta
33%
Henarejos
33%
Huelves
33%
Huérguina
33%
Huerta de la Obispalia
33%
Huerta del Marquesado
33%
La Alberca de Záncara
33%
La Almarcha
33%
Laguna del Marquesado
33%
La Hinojosa
33%
La Pesquera
33%
Las Majadas
33%
Las Valeras
33%
Leganiel
33%
Los Hinojosos
33%
Mariana
33%
Mira
33%
Monreal del Llano
33%
Montalbanejo
33%
Montalbo
33%
Olmeda de la Cuesta
33%
Olmedilla de Eliz
33%
Palomares del Campo
33%
Palomera
33%
Paracuellos
33%
Paredes
33%
Pozoamargo
33%
Puebla del Salvador
33%
Reíllo
33%
Salinas del Manzano
33%
San Lorenzo de la Parrilla
33%
San Pedro Palmiches
33%
Santa Cruz de Moya
33%
Santa María del Campo Rus
33%
Santa María de los Llanos
33%
Sisante
33%
Talayuelas
33%
Tinajas
33%
Torralba
33%
Tresjuncos
33%
Valdemeca
33%
Valdemoro-Sierra
33%
Valdeolivas
33%
Vara de Rey
33%
Vellisca
33%
Villaescusa de Haro
33%
Villagarcía del Llano
33%
Villalba de la Sierra
33%
Villalba del Rey
33%
Villalpardo
33%
Villamayor de Santiago
33%
Villar de Cañas
33%
Villar de Domingo García
33%
Villar de la Encina
33%
Villar del Humo
33%
Villar del Infantado
33%
Villar de Olalla
33%
Villarejo de Fuentes
33%
Villares del Saz
33%
Villarrubio
33%
Villarta
33%
Villaverde y Pasaconsol
33%
Villora
33%
Zafra de Záncara
33%
Zafrilla
33%
Albaladejo del Cuende
0%
Albalate de las Nogueras
0%
Alcantud
0%
Alcohujate
0%
Almendros
0%
Almodóvar del PInar
0%
Arandilla del Arroyo
0%
Arcos de la Sierra
0%
Arrancacepas
0%
Barchín del Hoyo
0%
Buenache de Alarcón
0%
Cañada Juncosa
0%
Cañizares
0%
Casas de Garcimolina
0%
Castejón
0%
Castillejo-Sierra
0%
Castillo-Albaráñez
0%
Chumillas
0%
Cueva del Hierro
0%
El Acebrón
0%
El Cañavate
0%
El Hito
0%
El Peral
0%
El Pozuelo
0%
Fresneda de Altarejos
0%
Fresneda de la Sierra
0%
Fuentelespino de Haro
0%
Fuentenava de Jábaga
0%
Fuertescusa
0%
Gabaldón
0%
Garaballa
0%
Graja de Campalbo
0%
Hontanaya
0%
Hontecillas
0%
La Cierva
0%
La Frontera
0%
Lagunaseca
0%
La Parra de las Vegas
0%
La Peraleja
0%
Los Valdecolmenas
0%
Masegosa
0%
Monteagudo de las Salinas
0%
Narboneta
0%
Olivares de Júcar
0%
Olmeda de Rey
0%
Olmedilla de Alarcón
0%
Osa de la Vega
0%
Pineda de Cigüela
0%
Piqueras del Castillo
0%
Portalrubio de Guadamejud
0%
Portilla
0%
Poyatos
0%
Pozorrubielos de la Mancha
0%
Pozorrubio de Santiago
0%
Priego
0%
Puebla de Almenara
0%
Rada de Haro
0%
Rozalén del Monte
0%
Saceda-Trasierra
0%
Salmeroncillos
0%
San Martín de Boniches
0%
Santa María del Val
0%
Solera de Gabaldón
0%
Sotorribas
0%
Tébar
0%
Tejadillos
0%
Torrubia del Campo
0%
Torrubia del Castillo
0%
Tribaldos
0%
Valdetórtola
0%
Valhermoso de la Fuente
0%
Valsalobre
0%
Valverdejo
0%
Vega del Codorno
0%
Villaconejos de Trabaque
0%
Villalgordo del Marquesado
0%
Villanueva de Guadamejud
0%
Villarejo de la Peñuela
0%
Villarejo-Periesteban
0%
Villar y Velasco
0%
Villas de la Ventosa
0%
Vindel
0%
Yémeda
0%
Zarzuela
0%
No se encontraron pruebas coincidentes
Distribución de puntuación
Porcentaje de gente con cada puntuación
Porcentaje por número respondido
Historial de tus puntuaciones
No has intentado esta prueba.